Felder's Elementary principles of chemical process / (Record no. 608438)

000 -LEADER
fixed length control field 00381nam a22001337a 4500
020 ## - INTERNATIONAL STANDARD BOOK NUMBER
International Standard Book Number 978-1-118-09239-2
040 ## - CATALOGING SOURCE
Transcribing agency SCME
100 ## - MAIN ENTRY--PERSONAL NAME
Personal name Richard M. Felder, Ronald W. Rousseau, Lisa G. Gullard
9 (RLIN) 127293
245 ## - TITLE STATEMENT
Title Felder's Elementary principles of chemical process /
Statement of responsibility, etc. Richard M. Felder
250 ## - EDITION STATEMENT
Edition statement 4th ed.
260 ## - PUBLICATION, DISTRIBUTION, ETC.
Place of publication, distribution, etc. US
Name of publisher, distributor, etc. Wiley
Date of publication, distribution, etc. 2017
300 ## - PHYSICAL DESCRIPTION
Extent 507p.
942 ## - ADDED ENTRY ELEMENTS (KOHA)
Source of classification or shelving scheme
Koha item type Book
Holdings
Withdrawn status Lost status Source of classification or shelving scheme Damaged status Not for loan Permanent Location Current Location Shelving location Date acquired Total Checkouts Total Renewals Full call number Barcode Date last seen Date last checked out Price effective from Koha item type
          School of Chemical & Materials Engineering (SCME) School of Chemical & Materials Engineering (SCME) Book Cart 02/28/2024 1 2 660 F311F SCME-4859 09/18/2025 07/22/2025 02/28/2024 Book
© 2023 Central Library, National University of Sciences and Technology. All Rights Reserved.